| 000 | 00862nas a2200277 4500 | ||
|---|---|---|---|
| 001 | BR2010002860 | ||
| 003 | BR-BrBNA | ||
| 005 | 20231205114254.0 | ||
| 007 | ta | ||
| 008 | 230509b bl.|||p| |||| 00| 00por d | ||
| 040 |
_aBR-BrBNA _bpor _cBiblioteca Nacional de Agricultura |
||
| 041 | _a(Pt) | ||
| 072 | _aH60 | ||
| 100 | 1 | _aPizzo, I.V. | |
| 100 | 1 | _aAzania, C.A.M. | |
| 100 | 1 | _aAzania, A.A.P.M. | |
| 100 | 1 | _aSchiavetto, A.R. | |
| 245 | 1 | _aSeletividade e eficácia de controle de plantas daninhas pela associação entre óleo fúsel e herbicidas em cana -de-açucar | |
| 650 | _aCANA DE AÇUCAR | ||
| 650 | _aHERBICIDA | ||
| 650 | _aÓLEO | ||
| 650 | _aSUBPRODUTO | ||
| 773 | 0 |
_tPlanta Daninha (Brazil) _xISSN 0100-8358 _g(Apr-Jun 2010), v. 28(2) p. 347-357 _wBR2010002860 |
|
| 909 |
_a202311 _bLúcia _c55 _dLúcia Elande |
||
| 942 |
_2AGRIS _n0 _cANA |
||
| 999 |
_c207959 _d207959 |
||